[Event "Navarra-chT"]
[Site "Navarra"]
[Date "2016.11.12"]
[Round "6.7"]
[White "Marin Salvador, Ruben"]
[Black "Aldave Aguado, Adrian"]
[Result "0-1"]
[WhiteElo "1692"]
[BlackElo "1915"]
[PlyCount "56"]
[EventDate "2016.10.08"]
[EventType "team-tourn"]
[EventRounds "7"]
[EventCountry "ESP"]
[SourceTitle "CBM 175 Extra"]
[Source "ChessBase"]
[SourceDate "2016.12.12"]
[SourceVersion "1"]
[SourceVersionDate "2016.12.12"]
[SourceQuality "1"]
[WhiteTeam "Runa"]
[BlackTeam "San Juan"]
[WhiteTeamCountry "ESP"]
[BlackTeamCountry "ESP"]

1. d4 e6 2. Nf3 Nf6 3. Bf4 c5 4. e3 Nc6 5. Bd3 Qb6 6. Nbd2 cxd4 7. Nc4 Qb4+ 8. Qd2 dxe3 9. fxe3 Qxd2+ 10. Kxd2 d5 11. Nd6+ Bxd6 12. Bxd6 Kd7 13. Ba3 Ng4 14. Rhf1 f6 15. Rae1 Kc7 16. Nd4 a6 17. b4 h5 18. b5 Nxd4 19. b6+ Kxb6 20. exd4 Nxh2 21. Rh1 Ng4 22. Bc5+ Kc7 23. a4 b6 24. Ba3 a5 25. Rb1 Bd7 26. Rhc1 Nf2 27. Be2 Ne4+ 28. Kd3 Nd6 0-1

[Event "Navarra-chT"]
[Site "Navarra"]
[Date "2016.10.29"]
[Round "4.7"]
[White "Marin Salvador, Ruben"]
[Black "Martinez Bernardo, Aitor"]
[Result "0-1"]
[WhiteElo "1692"]
[BlackElo "1700"]
[PlyCount "58"]
[EventDate "2016.10.08"]
[EventType "team-tourn"]
[EventRounds "7"]
[EventCountry "ESP"]
[SourceTitle "CBM 175 Extra"]
[Source "ChessBase"]
[SourceDate "2016.12.12"]
[SourceVersion "1"]
[SourceVersionDate "2016.12.12"]
[SourceQuality "1"]
[WhiteTeam "Runa"]
[BlackTeam "Santa Ana Siglo 21"]
[WhiteTeamCountry "ESP"]
[BlackTeamCountry "ESP"]

1. d4 Nf6 2. c4 g6 3. Nc3 d5 4. cxd5 Nxd5 5. e4 Nxc3 6. bxc3 Bg7 7. Bg5 0-0 8. Rc1 c5 9. Nf3 Bg4 10. d5 h6 11. Be3 Bxf3 12. gxf3 Qa5 13. Qd2 Kh7 14. Bd3 Nd7 15. h4 Ne5 16. Ke2 Nxd3 17. Qxd3 Qxa2+ 18. Rc2 Qa5 19. h5 Qb6 20. hxg6+ fxg6 21. Bxh6 Bxh6 22. Qd2 g5 23. Qxg5 Qf6 24. Rxh6+ Qxh6 25. Qxe7+ Kg8 26. Qxc5 Qf4 27. Qe3 Qe5 28. Rc1 Rf4 29. Rg1+ Kf7 0-1

[Event "Navarra-chT"]
[Site "Navarra"]
[Date "2016.10.08"]
[Round "1.7"]
[White "Marin Salvador, Ruben"]
[Black "Rey Fuentes, Juan Maria"]
[Result "1/2-1/2"]
[WhiteElo "1692"]
[BlackElo "1537"]
[PlyCount "60"]
[EventDate "2016.10.08"]
[EventType "team-tourn"]
[EventRounds "7"]
[EventCountry "ESP"]
[SourceTitle "CBM 175 Extra"]
[Source "ChessBase"]
[SourceDate "2016.12.12"]
[SourceVersion "1"]
[SourceVersionDate "2016.12.12"]
[SourceQuality "1"]
[WhiteTeam "Runa"]
[BlackTeam "Mikel Gurea"]
[WhiteTeamCountry "ESP"]
[BlackTeamCountry "ESP"]

1. d4 d5 2. c4 Bf5 3. Nc3 dxc4 4. e4 Bg6 5. Bxc4 c6 6. Nge2 b5 7. Bd3 h6 8. 0-0 e6 9. Bf4 Be7 10. e5 Bxd3 11. Qxd3 Nd7 12. Rfd1 Nb6 13. Rac1 Bg5 14. Ne4 Bxf4 15. Nxf4 Ne7 16. Nd6+ Kf8 17. Qf3 Qd7 18. Nd3 Ned5 19. Nc5 Qe7 20. Nce4 Qd7 21. Rxc6 Nc4 22. b3 Nxd6 23. Nxd6 g6 24. Rdc1 Kg7 25. h4 b4 26. Ne4 Rac8 27. Nf6 Rxc6 28. Nxd7 Rxc1+ 29. Kh2 Rhc8 30. Nf6 R8c3 1/2-1/2

[Event "Navarra-ch"]
[Site "Pamplona"]
[Date "2016.04.09"]
[Round "4"]
[White "Marin Salvador, Ruben"]
[Black "Ortin Blanco, Ainhoa"]
[Result "0-1"]
[WhiteElo "1692"]
[BlackElo "2010"]
[PlyCount "96"]
[EventDate "2016.03.05"]
[EventType "swiss"]
[EventRounds "8"]
[EventCountry "ESP"]
[SourceTitle "EXT 2018"]
[Source "ChessBase"]
[SourceDate "2017.10.13"]
[SourceVersion "1"]
[SourceVersionDate "2017.10.13"]
[SourceQuality "1"]

1. d4 Nf6 2. c4 g6 3. Nc3 Bg7 4. e4 d6 5. h3 Nbd7 6. Nf3 0-0 7. Be3 e5 8. d5 Nc5 9. Nd2 a5 10. g4 Nfd7 11. h4 Nf6 12. f3 c6 13. Nb3 Nxb3 14. Qxb3 cxd5 15. cxd5 h5 16. g5 Nd7 17. Nb5 Nc5 18. Bxc5 dxc5 19. Bc4 a4 20. Qd3 Qa5+ 21. Kf1 Bd7 22. Rh2 Bxb5 23. Bxb5 f5 24. Kg1 fxe4 25. fxe4 c4 26. Bxc4 Qb6+ 27. Kh1 Rf2 28. Rxf2 Qxf2 29. Qh3 b5 30. Rf1 Qxb2 31. Bd3 Qd4 32. Bb1 Rf8 33. Rxf8+ Bxf8 34. Qe6+ Kh7 35. Qd7+ Bg7 36. Qxb5 Qd1+ 37. Kh2 Qg4 38. d6 Qxh4+ 39. Kg1 Qxg5+ 40. Kh1 Qc1+ 41. Kh2 Qd2+ 42. Kh1 Qxd6 43. Qxa4 Qd2 44. Qc2 Qe1+ 45. Kg2 h4 46. Qf2 h3+ 47. Kg3 Qxb1 48. Kh2 Qxe4 0-1

[Event "Navarra-ch"]
[Site "Pamplona"]
[Date "2016.03.26"]
[Round "3"]
[White "Urriza Iricibar, Pablo"]
[Black "Marin Salvador, Ruben"]
[Result "1-0"]
[WhiteElo "2149"]
[BlackElo "1692"]
[PlyCount "33"]
[EventDate "2016.03.05"]
[EventType "swiss"]
[EventRounds "8"]
[EventCountry "ESP"]
[SourceTitle "EXT 2018"]
[Source "ChessBase"]
[SourceDate "2017.10.13"]
[SourceVersion "1"]
[SourceVersionDate "2017.10.13"]
[SourceQuality "1"]

1. e4 e6 2. d4 d5 3. exd5 exd5 4. Nc3 c6 5. Bd3 Bd6 6. Nge2 Ne7 7. Bg5 Qc7 8. Qd2 Bg4 9. f3 Bh5 10. 0-0-0 f6 11. Bf4 Nd7 12. Rde1 0-0-0 13. Bxd6 Qxd6 14. Qf4 Kc7 15. Qg3 Bg6 16. Nf4 Nf8 17. Rxe7+ 1-0

[Event "Navarra-ch"]
[Site "Pamplona"]
[Date "2016.03.12"]
[Round "2"]
[White "Marin Salvador, Ruben"]
[Black "Sola Plaza, Gregorio"]
[Result "1/2-1/2"]
[WhiteElo "1692"]
[BlackElo "1945"]
[PlyCount "40"]
[EventDate "2016.03.05"]
[EventType "swiss"]
[EventRounds "8"]
[EventCountry "ESP"]
[SourceTitle "EXT 2018"]
[Source "ChessBase"]
[SourceDate "2017.10.13"]
[SourceVersion "1"]
[SourceVersionDate "2017.10.13"]
[SourceQuality "1"]

1. c4 e5 2. Nc3 Nc6 3. g3 Bc5 4. e3 a6 5. Bg2 d6 6. a3 Bf5 7. d3 Nf6 8. Nge2 Ba7 9. 0-0 Qd7 10. b4 Bh3 11. Re1 Bxg2 12. Kxg2 0-0 13. d4 e4 14. Bb2 Rae8 15. Qc2 Qf5 16. Rad1 Nd8 17. Ng1 Ne6 18. c5 d5 19. Bc1 b6 20. Qe2 Bb8 1/2-1/2

[Event "Navarra-ch"]
[Site "Pamplona"]
[Date "2016.03.05"]
[Round "1"]
[White "Roviralta Montero, Axel"]
[Black "Marin Salvador, Ruben"]
[Result "0-1"]
[WhiteElo "1952"]
[BlackElo "1692"]
[PlyCount "69"]
[EventDate "2016.03.05"]
[EventType "swiss"]
[EventRounds "8"]
[EventCountry "ESP"]
[SourceTitle "EXT 2018"]
[Source "ChessBase"]
[SourceDate "2017.10.13"]
[SourceVersion "1"]
[SourceVersionDate "2017.10.13"]
[SourceQuality "1"]

1. e4 e6 2. d4 d5 3. e5 c5 4. c3 Nc6 5. Nf3 Bd7 6. a4 cxd4 7. cxd4 Qb6 8. Bb5 Nge7 9. Nc3 a6 10. a5 Qc7 11. 0-0 Ng6 12. Bxc6 Bxc6 13. Qb3 Be7 14. Bd2 0-0 15. Rfc1 Qd7 16. Na4 Bxa4 17. Rxa4 Rfc8 18. Raa1 Bd8 19. Ne1 Rxc1 20. Rxc1 Rc8 21. Rxc8 Qxc8 22. Nd3 Qc6 23. Nc5 b5 24. axb6 Qxb6 25. Qa4 Qxb2 26. Qe8+ Nf8 27. g3 Qxd2 28. Qxd8 Qxd4 29. Nd7 Qb4 30. h4 a5 31. h5 h6 32. Qa8 a4 33. f4 a3 34. Kg2 a2 35. Kh3 0-1

[Event "Navarra-chTA"]
[Site "Pamplona"]
[Date "2015.10.24"]
[Round "3.8"]
[White "Abaurrea San Juan, Xabier"]
[Black "Marin Salvador, Ruben"]
[Result "0-1"]
[WhiteElo "1608"]
[BlackElo "1680"]
[PlyCount "56"]
[EventDate "2015.10.10"]
[EventType "team-tourn"]
[EventRounds "7"]
[EventCountry "ESP"]
[SourceTitle "CBM 169 Extra"]
[Source "ChessBase"]
[SourceDate "2015.12.18"]
[SourceVersion "1"]
[SourceVersionDate "2015.12.18"]
[SourceQuality "1"]
[WhiteTeam "Arrano Elkartea"]
[BlackTeam "Runa"]
[WhiteTeamCountry "ESP"]
[BlackTeamCountry "ESP"]

1. d4 d5 2. Nf3 e6 3. e3 c5 4. b3 Nf6 5. Bd3 Nc6 6. Bb2 Bd6 7. a3 Qc7 8. Nbd2 e5 9. dxe5 Nxe5 10. Nxe5 Bxe5 11. c3 Bg4 12. Be2 Bxe2 13. Qxe2 0-0 14. Nf3 Bd6 15. 0-0 Rfe8 16. Qd2 Rad8 17. Qc2 c4 18. Rad1 Ne4 19. Rxd5 Bxh2+ 20. Nxh2 Rxd5 21. Rd1 Rxd1+ 22. Qxd1 Rd8 23. Qg4 Nxf2 24. Kxf2 Rd2+ 25. Kg1 Rxb2 26. bxc4 g6 27. Nf3 Qe7 28. Qd4 Re2 0-1

[Event "Pamplona Navarro-ch"]
[Site "Pamplona"]
[Date "2015.05.02"]
[Round "4"]
[White "Marin Salvador, Ruben"]
[Black "Pedchenko Bondar, Alexandr"]
[Result "1-0"]
[WhiteElo "1740"]
[BlackElo "1549"]
[PlyCount "65"]
[EventDate "2015.04.11"]
[EventType "swiss"]
[EventRounds "8"]
[EventCountry "ESP"]
[SourceTitle "EXT 2016"]
[Source "ChessBase"]
[SourceDate "2015.10.08"]
[SourceVersion "1"]
[SourceVersionDate "2015.10.08"]
[SourceQuality "1"]

1. d4 g6 2. c4 Bg7 3. Nc3 d6 4. e4 Nf6 5. h3 Nbd7 6. Bg5 0-0 7. Nf3 c5 8. d5 a6 9. g4 Re8 10. Be2 Nf8 11. 0-0 h5 12. Qd2 N8h7 13. Bh4 Bd7 14. Nh2 Qc8 15. f4 Rb8 16. e5 dxe5 17. fxe5 Nxd5 18. Nxd5 Qd8 19. Nf3 Bc6 20. Nxe7+ Rxe7 21. Qxd8+ Rxd8 22. Bxe7 Re8 23. Bxc5 Bxe5 24. Bd4 Bxf3 25. Bxe5 Bxe2 26. Rf2 Bxc4 27. Bc3 Ng5 28. Re1 Rxe1+ 29. Bxe1 b5 30. a4 Ne4 31. Rf4 Nc5 32. Rf6 Be6 33. Rf3 1-0

[Event "Navarra-ch"]
[Site "Pamplona"]
[Date "2014.05.31"]
[Round "8"]
[White "Oyaga Valencia, Jesus Maria"]
[Black "Marin Salvador, Ruben"]
[Result "0-1"]
[WhiteElo "1699"]
[BlackElo "1772"]
[PlyCount "64"]
[EventDate "2014.03.29"]
[EventType "swiss"]
[EventRounds "8"]
[EventCountry "ESP"]
[SourceTitle "EXT 2016"]
[Source "ChessBase"]
[SourceDate "2015.10.08"]
[SourceVersion "1"]
[SourceVersionDate "2015.10.08"]
[SourceQuality "1"]

1. e4 c5 2. Nf3 Nc6 3. d4 cxd4 4. Nxd4 e5 5. Nf3 Nf6 6. Nc3 Bb4 7. Bc4 0-0 8. Bg5 h6 9. Bxf6 Qxf6 10. 0-0 Bxc3 11. bxc3 d6 12. Qd3 Be6 13. Rfd1 Rfd8 14. Nd2 Na5 15. Bd5 Rac8 16. Nf1 Bxd5 17. Qxd5 Rc5 18. Qd3 Nc4 19. Rab1 b6 20. Ne3 Nxe3 21. Qxe3 Ra5 22. Qd3 Rxa2 23. Ra1 Qe6 24. c4 Rxa1 25. Rxa1 Qd7 26. f3 Qc7 27. Kf1 a5 28. Rb1 Rc8 29. Ke1 Qc5 30. Kd2 Qf2+ 31. Kc3 Qc5 32. Rb5 Qxb5 0-1

[Event "Navarra-ch"]
[Site "Pamplona"]
[Date "2014.05.17"]
[Round "6"]
[White "Donazar Garayoa, Miguel"]
[Black "Marin Salvador, Ruben"]
[Result "1/2-1/2"]
[WhiteElo "1723"]
[BlackElo "1772"]
[PlyCount "63"]
[EventDate "2014.03.29"]
[EventType "swiss"]
[EventRounds "8"]
[EventCountry "ESP"]
[SourceTitle "EXT 2016"]
[Source "ChessBase"]
[SourceDate "2015.10.08"]
[SourceVersion "1"]
[SourceVersionDate "2015.10.08"]
[SourceQuality "1"]

1. e4 e6 2. d4 d5 3. Nd2 Nf6 4. e5 Nfd7 5. f4 c5 6. c3 Nc6 7. Nb3 cxd4 8. cxd4 Qb6 9. Nf3 Bb4+ 10. Bd2 0-0 11. Be2 f6 12. Bxb4 Qxb4+ 13. Qd2 Qb6 14. Rc1 a5 15. Nc5 Nxc5 16. Rxc5 fxe5 17. fxe5 Bd7 18. 0-0 Qd8 19. Bb5 Nb4 20. a3 Bxb5 21. Rxb5 Qd7 22. Rc5 Nc6 23. Rfc1 Rfc8 24. Qc3 Ne7 25. Qd2 h6 26. b4 b6 27. Rxc8+ Rxc8 28. Rxc8+ Qxc8 29. bxa5 bxa5 30. Qxa5 Qc1+ 31. Kf2 Nf5 32. Qb4 1/2-1/2

[Event "Huarte Puente Foral op 8th"]
[Site "Huarte"]
[Date "2013.12.05"]
[Round "3"]
[White "Marin Salvador, Ruben"]
[Black "Salvatierra Alzorriz, Haizea"]
[Result "1-0"]
[WhiteElo "1781"]
[BlackElo "1447"]
[PlyCount "75"]
[EventDate "2013.12.03"]
[EventType "swiss"]
[EventRounds "7"]
[EventCountry "ESP"]
[SourceTitle "EXT 2016"]
[Source "ChessBase"]
[SourceDate "2015.10.08"]
[SourceVersion "1"]
[SourceVersionDate "2015.10.08"]
[SourceQuality "1"]

1. d4 e6 2. Nf3 d5 3. Bf4 c5 4. e3 Nc6 5. c3 Qb6 6. Qc2 Nf6 7. Nbd2 Be7 8. Be2 0-0 9. h3 c4 10. 0-0 Ne4 11. Nxe4 dxe4 12. Ne5 Nxe5 13. Bxe5 Qc6 14. a4 b6 15. b3 cxb3 16. Qxb3 a5 17. Rab1 Bd8 18. Rfc1 Bd7 19. Bb5 Qb7 20. c4 Bxb5 21. Qxb5 Qe7 22. Qc6 Bc7 23. Qxc7 Qxc7 24. Bxc7 Rfc8 25. Bxb6 Rab8 26. c5 Rc6 27. Bxa5 Rxb1 28. Rxb1 Rc8 29. Bc7 Ra8 30. Rb8+ Rxb8 31. Bxb8 Kf8 32. a5 Ke8 33. a6 Kd8 34. a7 Kc8 35. a8Q Kd7 36. Qb7+ Kd8 37. Bd6 Ke8 38. Qc8# 1-0

[Event "Huarte Puente Foral op 8th"]
[Site "Huarte"]
[Date "2013.12.04"]
[Round "2"]
[White "Iraneta Unzue, Iker"]
[Black "Marin Salvador, Ruben"]
[Result "1-0"]
[WhiteElo "2001"]
[BlackElo "1781"]
[PlyCount "111"]
[EventDate "2013.12.03"]
[EventType "swiss"]
[EventRounds "7"]
[EventCountry "ESP"]
[SourceTitle "EXT 2016"]
[Source "ChessBase"]
[SourceDate "2015.10.08"]
[SourceVersion "1"]
[SourceVersionDate "2015.10.08"]
[SourceQuality "1"]

1. d4 Nf6 2. c4 e6 3. Nf3 c5 4. d5 exd5 5. cxd5 d6 6. Nc3 g6 7. g3 Bg7 8. Bg2 0-0 9. 0-0 a6 10. a4 Re8 11. Nd2 Nbd7 12. e4 Rb8 13. a5 b5 14. axb6 Nxb6 15. h3 Nfd7 16. f4 Qc7 17. Re1 c4 18. Nf3 Nc5 19. Qc2 Nd3 20. Re2 Nd7 21. Kh2 N7c5 22. Ra3 Nxc1 23. Qxc1 Nd3 24. Qb1 Qc5 25. Qa1 Rb4 26. Ne1 Qb6 27. Na4 Qb5 28. Nc3 Bxc3 29. Rxc3 Nxe1 30. Qxe1 Rxb2 31. Rxb2 Qxb2 32. Rxc4 Bd7 33. Qc3 Qxc3 34. Rxc3 Rc8 35. Rxc8+ Bxc8 36. Bf1 Kf8 37. Kg2 Ke7 38. Kf3 a5 39. Ke3 a4 40. Kd4 Bd7 41. h4 Bg4 42. Kc3 Bd7 43. Kb4 f5 44. e5 dxe5 45. fxe5 h6 46. Bc4 g5 47. hxg5 hxg5 48. e6 Be8 49. Kc5 a3 50. d6+ Kd8 51. Kb4 Bc6 52. Kxa3 f4 53. gxf4 gxf4 54. Kb4 f3 55. Kc5 Bb7 56. e7+ 1-0

[Event "Pamplona Navarra Preferente op"]
[Site "Pamplona"]
[Date "2013.05.18"]
[Round "6"]
[White "Ruiz Escobar, Rafael"]
[Black "Marin Salvador, Ruben"]
[Result "1-0"]
[WhiteElo "1933"]
[BlackElo "1765"]
[PlyCount "59"]
[EventDate "2013.04.13"]
[EventType "swiss"]
[EventRounds "7"]
[EventCountry "ESP"]
[SourceTitle "CBM 154 Extra"]
[Source "ChessBase"]
[SourceDate "2013.06.25"]
[SourceVersion "2"]
[SourceVersionDate "2013.06.25"]
[SourceQuality "1"]

1. d4 Nf6 2. c4 e6 3. Nc3 c5 4. d5 exd5 5. cxd5 d6 6. g3 g6 7. Bg2 Bg7 8. Nf3 0-0 9. 0-0 Re8 10. Nd2 a6 11. a4 Nbd7 12. Re1 Rb8 13. a5 b5 14. axb6 Nxb6 15. h3 Qe7 16. e4 Nfxd5 17. Nxd5 Nxd5 18. Nc4 Bd4 19. e5 dxe5 20. Bxd5 Rd8 21. Qf3 Be6 22. Bxe6 Qxe6 23. Ra4 Rb4 24. Rxb4 cxb4 25. b3 Bc3 26. Rd1 Rxd1+ 27. Qxd1 Qxh3 28. Qd8+ Kg7 29. Nd6 e4 30. Bg5 1-0

[Event "Pamplona Navarra Preferente op"]
[Site "Pamplona"]
[Date "2013.04.20"]
[Round "2"]
[White "Yaben Munoz, Javier"]
[Black "Marin Salvador, Ruben"]
[Result "1-0"]
[WhiteElo "2020"]
[BlackElo "1765"]
[PlyCount "84"]
[EventDate "2013.04.13"]
[EventType "swiss"]
[EventRounds "7"]
[EventCountry "ESP"]
[SourceTitle "CBM 154 Extra"]
[Source "ChessBase"]
[SourceDate "2013.06.25"]
[SourceVersion "2"]
[SourceVersionDate "2013.06.25"]
[SourceQuality "1"]

1. e4 e6 2. d4 d5 3. Nc3 Nf6 4. e5 Nfd7 5. Nf3 c5 6. Bg5 Be7 7. Bxe7 Qxe7 8. Nb5 0-0 9. Nc7 Nc6 10. Nxa8 cxd4 11. Bd3 h6 12. Nc7 Ndxe5 13. Nxe5 Nxe5 14. Nb5 Qb4+ 15. Ke2 Nxd3 16. Qxd3 e5 17. Qb3 Qc5 18. Rhd1 a6 19. Na3 e4 20. Qa4 Bg4+ 21. Kf1 Bxd1 22. Rxd1 Qd6 23. Kg1 e3 24. Qxd4 e2 25. Re1 Re8 26. Nb1 Re4 27. Qd2 d4 28. Rxe2 Rxe2 29. Qxe2 Qb4 30. b3 Qa5 31. a4 b5 32. Qd2 Qc7 33. axb5 axb5 34. g3 Qa7 35. Kg2 Qa8+ 36. f3 Qa2 37. Qxd4 Qxb1 38. Qd3 b4 39. Kh3 Qe1 40. Qc4 Qe7 41. Qc6 Kh7 42. Qe4+ Kg8 1-0

[Event "Navarra-chT Preferente"]
[Site "Navarra"]
[Date "2012.11.17"]
[Round "6.7"]
[White "Jimenez Almeida, Luis David"]
[Black "Marin Salvador, Ruben"]
[Result "1-0"]
[WhiteElo "2020"]
[BlackElo "1724"]
[PlyCount "59"]
[EventDate "2012.10.13"]
[EventType "team"]
[EventRounds "7"]
[EventCountry "ESP"]
[SourceTitle "EXT 2014"]
[Source "ChessBase"]
[SourceDate "2013.11.20"]
[SourceVersion "1"]
[SourceVersionDate "2013.11.20"]
[SourceQuality "1"]
[WhiteTeam "Orvina"]
[BlackTeam "Runa"]
[WhiteTeamCountry "ESP"]
[BlackTeamCountry "ESP"]

1. e4 e6 2. d4 d5 3. e5 c5 4. c3 Nc6 5. Nf3 Bd7 6. a3 Qb6 7. b4 cxd4 8. cxd4 Nge7 9. Be3 Ng6 10. Bd3 Be7 11. h4 Nxb4 12. axb4 Bxb4+ 13. Nbd2 Bb5 14. Qe2 Bxd3 15. Qxd3 a5 16. 0-0 Rc8 17. Rfc1 Kd7 18. Nb3 h6 19. Nc5+ Ke7 20. Rcb1 Qc6 21. Bd2 Bxd2 22. Rxb7+ Rc7 23. Rxc7+ Qxc7 24. Qxd2 Ra8 25. h5 Nf8 26. g4 Nd7 27. Nxd7 Kxd7 28. g5 a4 29. gxh6 gxh6 30. Qf4 1-0

[Event "Navarra-chT Preferente"]
[Site "Navarra"]
[Date "2012.11.03"]
[Round "4.8"]
[White "Marin Salvador, Ruben"]
[Black "Sanjuan Ruperez, Jorge"]
[Result "1/2-1/2"]
[WhiteElo "1724"]
[BlackElo "1834"]
[PlyCount "78"]
[EventDate "2012.10.13"]
[EventType "team"]
[EventRounds "7"]
[EventCountry "ESP"]
[SourceTitle "EXT 2014"]
[Source "ChessBase"]
[SourceDate "2013.11.20"]
[SourceVersion "1"]
[SourceVersionDate "2013.11.20"]
[SourceQuality "1"]
[WhiteTeam "Runa"]
[BlackTeam "Santa Ana"]
[WhiteTeamCountry "ESP"]
[BlackTeamCountry "ESP"]

1. d4 Nf6 2. Nf3 g6 3. Bf4 Bg7 4. c4 c5 5. d5 Qa5+ 6. Bd2 Qb6 7. Nc3 d6 8. e4 0-0 9. h3 Qxb2 10. Rb1 Qa3 11. Nb5 Qxa2 12. Ra1 Qxa1 13. Qxa1 Nxe4 14. Qc1 Nxd2 15. Qxd2 Na6 16. Bd3 Nb4 17. Bb1 a6 18. Nc3 b5 19. 0-0 bxc4 20. Re1 Ra7 21. Ng5 h6 22. Nge4 Bd7 23. f4 f5 24. Ng3 Rf7 25. Nge2 Kh7 26. Kh2 a5 27. Nc1 a4 28. N1a2 Rb7 29. Bc2 a3 30. Bb1 Bd4 31. Kh1 Nxa2 32. Nxa2 Rb2 33. Qa5 Bf2 34. Rf1 Rf8 35. Qc7 Rfb8 36. Qxd7 Rxb1 37. Qxe7+ Kh8 38. Qf6+ Kh7 39. Qf7+ Kh8 1/2-1/2